| 000 | 00647nam a2200181Ia 4500 | ||
|---|---|---|---|
| 008 | 100921s9999 xx 000 0 und d | ||
| 082 |
_b6624 _a294.563 थ 70 |
||
| 100 | _aदेशपांडे माधव का. | ||
| 245 | _aसंत आणि सायन्स. | ||
| 260 |
_bअस्मिता प्रकाशन, पुणे. _c1970 |
||
| 300 |
_a376 _b--- |
||
| 365 | _b15 | ||
| 520 | _aधर्म-संत संहित्य. | ||
| 630 | _aसंत आणि सायन्स. | ||
| 650 | _aधर्म-संत संहित्य. | ||
| 730 | _aसंत आणि सायन्स. | ||
| 942 | _cBOOK | ||
| 999 |
_c755737 _d755734 |
||